The Indian journal of genetics & plant breeding : (Record no. 134)
[ view plain ]
| 000 -LEADER | |
|---|---|
| fixed length control field | 01314nas a2200373 a 4500 |
| 001 - CONTROL NUMBER | |
| control field | 134 |
| 003 - CONTROL NUMBER IDENTIFIER | |
| rucl marc code | BD-RjUL |
| 005 - DATE AND TIME OF LATEST TRANSACTION | |
| control field | 20211208233123.0 |
| 008 - FIXED-LENGTH DATA ELEMENTS--GENERAL INFORMATION | |
| fixed length control field | 131123c19419999ii tr p 0 a0eng |
| 030 ## - CODEN DESIGNATION | |
| CODEN | IJGBAG |
| 035 ## - SYSTEM CONTROL NUMBER | |
| System control number | (OCoLC)ocm01715141 |
| -- | (BD-RjUL)146 |
| 040 ## - CATALOGING SOURCE | |
| Original cataloging agency | DLC |
| Language of cataloging | eng |
| Transcribing agency | MnMULS |
| Modifying agency | OCoLC |
| -- | NIC |
| -- | InU |
| -- | OCoLC |
| -- | AIP |
| -- | NSDP |
| -- | DLC |
| -- | NST |
| -- | DNAL |
| -- | OCoLC |
| -- | BD-RjUL |
| 070 0# - NATIONAL AGRICULTURAL LIBRARY CALL NUMBER | |
| Classification number | 64.8 |
| Item number | In2 |
| 082 0# - DEWEY DECIMAL CLASSIFICATION NUMBER | |
| Classification number | 631.52205 |
| Edition number | 19 |
| Author mark and year | IJGP |
| 245 04 - TITLE STATEMENT | |
| Title | The Indian journal of genetics & plant breeding : |
| Remainder of title | official publication of the Indian Society of Genetics & Plant Breeding. |
| 260 ## - PUBLICATION, DISTRIBUTION, ETC. (IMPRINT) | |
| Place of publication, distribution, etc. | New Delhi : |
| Name of publisher, distributor, etc. | The Society |
| Date of publication, distribution, etc. | 1999 |
| 300 ## - PHYSICAL DESCRIPTION | |
| Pagination | v. : |
| Illustrations | ill. ; |
| Size | 25 cm. |
| 321 ## - FORMER PUBLICATION FREQUENCY | |
| Former publication frequency | One no., |
| Dates of former publication frequency | 1941 |
| Former publication frequency | Semiannual, |
| Dates of former publication frequency | 1950-1959 |
| 510 2# - CITATION/REFERENCES NOTE | |
| Name of source | Chemical abstracts |
| International Standard Serial Number | 0009-2258 |
| 650 #0 - SUBJECT ADDED ENTRY--TOPICAL TERM | |
| Topical term or geographic name as entry element | Plant breeding |
| Form subdivision | Periodicals. |
| 9 (RLIN) | 438 |
| Topical term or geographic name as entry element | Genetics |
| Form subdivision | Periodicals. |
| 9 (RLIN) | 439 |
| 710 2# - ADDED ENTRY--CORPORATE NAME | |
| Corporate name or jurisdiction name as entry element | Indian Society of Genetics & Plant Breeding. |
| 9 (RLIN) | 440 |
| 776 08 - ADDITIONAL PHYSICAL FORM ENTRY | |
| Relationship information | Online version: |
| Title | Indian journal of genetics & plant breeding |
| Record control number | (OCoLC)741465250 |
| 942 ## - ADDED ENTRY ELEMENTS (KOHA) | |
| Source of classification or shelving scheme | Dewey Decimal Classification |
| Koha item type | Continuing Resources |
| Lost status | Source of classification or shelving scheme | Damaged status | Not for loan | Collection code | Permanent Location | Current Location | Date acquired | Source of acquisition | Cost, normal purchase price | Total Checkouts | Full call number | Date last seen | Koha item type |
|---|---|---|---|---|---|---|---|---|---|---|---|---|---|
| Dewey Decimal Classification | Not For Loan | Non-fiction | Central Library, University of Rajshahi | Central Library, University of Rajshahi | 18/01/2001 | Indian Society of Genetics & Breeding | 50.00 | P 631.52205 IJGP V.59 No.1-4 1999 | 07/11/2013 | Continuing Resources |